000 00827nam a2200241 i 4500
003 DO-SdBNP
005 20240117085239.0
006 a||||gr|||| 00| 0
007 ta
008 240117e1959 dr ||||| |||| 00| 0 spa d
040 _aDO-SdBNP
_bspa
_cBNPHU
_erda
082 4 _222
_bP273i
110 2 _aPartido social Popular Dominicano.
_eautor
_984789
245 1 3 _aEl imperialismo pretende mantener a Trujillo.
_cComité Central del Partido Socialista Popular Dominicano.
264 1 _a[República Dominicana] :
_b[Sin editora]
_c1959
300 _a[2] hojas :
_c31 cm.
336 _2rdacontent
_atexto
_btxt
337 _2rdamedia
_asin mediación
_bn
338 _2rdacarrier
_avolumen
_bnc
590 _aInventariado 2024 / MF
710 2 _aComité Central del Partido Socialista Popular Dominicano.
_984790
942 _2ddc
_cLF2
999 _c55703
_d55703